| 000 | 01274nam a2200349 i 4500 | ||
|---|---|---|---|
| 001 | 621 | ||
| 003 | KOSZ 005 | ||
| 005 | 20200407144356.0 | ||
| 008 | 020718s1976 pl f f |000 0 pol | ||
| 015 | _aPB 1978/3292 | ||
| 035 | _a(OCoLC)830339561 | ||
| 040 |
_aWA N _cWA N _dKOSZ 005/EG _dKOSZ 005/HR |
||
| 041 | 0 | _apol | |
| 046 | _k1976 | ||
| 080 | _a811.161.3 | ||
| 080 | _a(075.8) | ||
| 100 | 1 |
_aSzyćko, Eleonora. _eAutor |
|
| 245 | 1 | 0 |
_aJęzyk rosyjski dla lektoratów pierwszych lat studiów dziennych, wieczorowych i zaocznych / _cEleonora Szyćko, Teresa Kruszyńska. |
| 260 |
_aKoszalin : _bWydaw. Uczelniane WSI, _c1976. |
||
| 300 |
_a92, [1] s. ; _c24 cm. |
||
| 380 | _aKsiążki. | ||
| 388 | _a1945-1989 | ||
| 490 | 1 |
_aSkrypty / Wyższa Szkoła Inżynierska w Koszalinie ; _v5/5. |
|
| 504 | _aBibliogr. | ||
| 655 | 4 | _aPodręczniki akademickie | |
| 650 | 4 | _aJęzyk rosyjski | |
| 700 | 1 |
_aKruszyńska, Teresa. _eAutor |
|
| 710 | 2 |
_aWydawnictwo Uczelniane (Wyższa Szkoła Inżynierska ; Koszalin) _4pbl. |
|
| 830 | 0 |
_aSkrypty - Wyższa Szkoła Inżynierska w Koszalinie ; _v5/5. |
|
| 856 |
_uhttp://koha.tu.koszalin.pl/cgi-bin/koha/opac-detail.pl?biblionumber=621 _yKatalog online BPK |
||
| 942 |
_2UKD _cKS |
||
| 999 |
_c621 _d621 |
||